000 00843nam a22002537a 4500
001 BR8107299
003 BR-BrBNA
005 20230928091112.0
007 ta
008 230509b bl.||||| |||| 00| 0 por d
040 _aBR-BrBNA
_bpor
_cBiblioteca Nacional de Agricultura
041 _a(Por)
072 _aU20
_b/G514
090 _ U20 BR8107299
110 1 _aComissao Nacional de Energia Nuclear, Rio de Janeiro, RJ (Brasil);
_92175
110 1 _aConselho Nacional de Desenvolvimento Cientifico e Tecnologico, Brasilia, DF (Brasil)
245 1 _aManual de instrucoes. Sistema de Disseminacao Seletiva de Informacao (SDI)[documentacao, Brasil]
260 3 _aBrasilia, DF (Brasil):
_c[nd].
300 _a53 p.
500 _aPublished 1980?
650 _aSISTEMA DE INFORMACAO
909 _a202309
_bLucia
_c55
_dLucia Elande
942 _cBK
999 _c32233
_d32233